[Event "Go-Makkah Chess Festival 2019"]
[Site "Sousse"]
[Date "2019.09.04"]
[Round "4.1"]
[White "Stefansson, Hannes"]
[Black "Miezis, Normunds"]
[Result "1-0"]
[WhiteElo "2538"]
[BlackElo "2486"]
[Annotator "TA"]
[PlyCount "103"]
[EventDate "2019.09.02"]
[EventType "swiss"]
[EventCountry "TUN"]
[SourceTitle "playchess.com"]
[Source "ChessBase"]
[SourceQuality "1"]

{[%evp 11,103,36,38,32,25,18,35,26,53,39,58,37,39,27,51,39,63,63,50,48,49,31,42,21,82,84,75,74,107,108,110,123,114,118,110,110,139,80,123,130,147,145,179,172,160,196,206,204,306,182,200,186,168,127,143,168,156,129,179,177,190,163,256,205,220,186,260,244,283,283,283,283,283,259,375,375,371,367,574,286,251,0,500,491,480,479,798,666,546,531,29976,29977,29982,29983]} 1. e4 c5 2. Nf3 e6 3. d4 cxd4 4. Nxd4 a6 5. c4 Nf6 6. Nc3 Bb4 7. Qd3 {B41: Sicilian: Kan Variation: 5 c4} (7. Bd3 Nc6 8. Nxc6 dxc6 9. O-O e5 10. Qe2 O-O 11. a3 Bc5 12. Be3 Bd4 13. Bxd4 exd4 14. Na4 Re8 15. b4 a5 16. c5 axb4 17. axb4 Bg4 {½-½ (26) Corrales Jimenez,F (2559)-Caruana,F (2828) chess.com INT 2019}) 7... O-O 8. e5 Ne8 $1 9. Be2 {White is slightly better.} d6 10. Nf3 Qe7 $146 ({Predecessor:} 10... Nc6 11. a3 Bxc3+ 12. Qxc3 f6 13. exd6 Nxd6 14. O-O e5 {0-1 (66) Stepanyan,E (2096)-Oboladze,L (2378) Batumi 2018}) 11. Ng5 {[%csl Gg5][%cal Rd3h7]} f5 12. exf6 gxf6 13. Nf3 Nd7 {[%cal Bb8d7,Bd7c5,Bc5e4][%mdl 32]} 14. O-O Nc5 15. Qc2 Bd7 16. a3 Bxc3 $1 17. Qxc3 Rc8 (17... e5 $11 {keeps the balance.}) 18. Bh6 $36 {[%mdl 2048] White is in control.} Ng7 19. b4 Ne4 20. Qe3 f5 21. Ng5 d5 22. Nxe4 dxe4 23. f3 Bc6 24. Rac1 ({White should try} 24. fxe4 Bxe4 25. Rad1) 24... Qf6 25. Bg5 Qg6 26. f4 $1 h6 {[#]} 27. Be7 $1 Rf7 28. Bd6 Kh7 29. b5 Rg8 (29... Be8 $142 30. Be5 Nh5 31. bxa6 bxa6) 30. Be5 (30. bxc6 $142 Ne8 31. g3 Nxd6 32. cxb7) 30... axb5 $18 31. cxb5 Bd5 32. Rf2 Nh5 33. a4 Nf6 34. a5 Ra8 35. a6 bxa6 36. bxa6 Nd7 (36... Rg8 $142 37. a7 Nd7) 37. Bd4 Nf6 38. a7 Rg8 (38... Rb7 $142 39. Rff1 Qf7) 39. h3 Ba8 {and if ...Nd5 works, Black does fine.} 40. Bc4 Nd5 {[#]} 41. Bxd5 $1 Bxd5 42. Rb1 h5 (42... Rff8 {keeps fighting.} 43. Be5 h5) 43. Rb8 Rff8 44. Rfb2 Kh6 (44... Rc8 $142 45. Qf2 Rce8 46. Rxe8 Rxe8) 45. Qa3 (45. Rxf8 $142 Rxf8 46. Rb8) 45... Rc8 46. Qe3 $2 ({White should play} 46. Rxc8 $18 Rxc8 47. Rb8) 46... h4 $2 {[%mdl 8192]} (46... Rcf8 $1 $11 47. g4 Qf7 48. g5+ Kg6) 47. Rxc8 Rxc8 48. Rb8 Rg8 (48... Qg8 $142 49. Rxc8 Qxc8) 49. Qf2 Kh5 {[#]} 50. Bf6 $1 {[%mdl 576] Deflection} Qxf6 51. Rxg8 e3 52. Qxe3 {Accuracy: White = 79%, Black = 43%.} 1-0

[Event "Go-Makkah Chess Festival 2019"]
[Site "Sousse"]
[Date "2019.09.04"]
[Round "4.2"]
[White "Ezat, Mohamed"]
[Black "Kohlweyer, Bernd"]
[Result "1-0"]
[WhiteElo "2458"]
[BlackElo "2319"]
[Annotator "TA"]
[PlyCount "49"]
[EventDate "2019.09.02"]
[EventType "swiss"]
[EventCountry "TUN"]
[SourceTitle "playchess.com"]
[Source "ChessBase"]
[SourceQuality "1"]

{[%evp 13,49,-25,-9,-25,-34,-31,0,-34,2,-12,0,8,75,66,65,75,77,67,85,85,83,65,60,79,60,75,79,61,187,183,181,189,410,410,1350,1327,29992,29993]} 1. d4 Nf6 2. c4 e6 3. Nc3 Bb4 4. e3 O-O 5. a3 Bxc3+ 6. bxc3 Nc6 7. Bd3 e5 8. f3 {E40: Nimzo-Indian: Rubinstein (4 e3): Unusual Black 4th moves} (8. Ne2 e4 9. Bc2 Na5 10. Ng3 Nxc4 11. Nxe4 Nxe4 12. Bxe4 d5 13. Bd3 b5 14. a4 c6 15. O-O Be6 {½-½ (38) Flores,D (2568)-Granda Zuniga,J (2658) Buenos Aires 2017}) 8... d6 9. Ne2 Nh5 $146 ({Predecessor:} 9... Re8 10. e4 b6 11. Be3 Na5 12. Ng3 Be6 13. d5 Bc8 14. O-O Nb7 15. Rf2 Nc5 {0-1 (40) Misojcic,M (2221)-Lajthajm,B (2498) Vrnjacka Banja 2008}) 10. e4 {The position is equal.} Qh4+ 11. g3 Qf6 12. O-O Qg6 (12... Na5 $11 {remains equal.}) 13. g4 $16 Nf6 14. Ng3 {aiming for d5.} h5 {[%cal Rh5g4]} 15. h3 hxg4 16. hxg4 Nxg4 17. fxg4 Bxg4 18. Qe1 exd4 19. cxd4 Nxd4 20. Qe3 Be2 {[#]} ({Better is} 20... Bh3 $14) 21. Rf2 $1 $18 Bxd3 22. Qxd3 c5 $2 (22... Rae8 23. Bd2 (23. Qxd4 Qxg3+ 24. Rg2 Qe1+ {[%mdl 64] Double Attack} 25. Kh2 Qh4+ 26. Kg1 Qe1+ 27. Kh2 Qh4+ 28. Kg1 Qe1+ $11) 23... Rxe4 24. Qxe4 Qxg3+ 25. Qg2 Qxg2+ 26. Kxg2 Re8) 23. Rg2 Qg4 {[#]} (23... Qf6 $142) 24. Nf5 $1 {[%mdl 64] Discovered Attack} Nf3+ {[#]} 25. Qxf3 $1 {[%mdl 512] Accuracy: White = 80%, Black = 25%.} 1-0

[Event "Go-Makkah Chess Festival 2019"]
[Site "Sousse"]
[Date "2019.09.04"]
[Round "4.3"]
[White "Amdouni, Zoubaier"]
[Black "Romero Holmes, Alfonso"]
[Result "0-1"]
[WhiteElo "2290"]
[BlackElo "2414"]
[Annotator "TA"]
[PlyCount "130"]
[EventDate "2019.09.02"]
[EventType "swiss"]
[EventCountry "TUN"]
[SourceTitle "playchess.com"]
[Source "ChessBase"]
[SourceQuality "1"]

{[%evp 13,130,-9,-7,-34,-22,-25,0,-6,-12,-8,-21,-13,-11,-6,-6,0,-7,-5,34,-10,-22,-10,7,0,0,0,17,-13,8,12,17,9,20,-9,-8,-18,-7,-46,-19,-20,-14,-24,0,0,56,0,0,0,0,-5,0,0,0,0,3,0,0,-6,0,-197,-172,-168,-151,-146,-147,-205,-200,-210,-193,-192,-181,-447,-452,-422,-410,-376,-207,-176,-62,-343,-23,-272,-186,-469,-481,-1916,-1597,-29959,-29958,-29971,-29970,-29971,-29973,-29973,-29974,-29974,-29975,-29975,-29976,-29977,-29977,-29977,-29978,-29978,-29979,-29980,-29978,-29978,-29978,-29978,-29979,-29979,-29977,-29976,-29978,-29978,-29979,-29979,-29979]} 1. e4 c5 2. Nf3 a6 3. d4 cxd4 4. Nxd4 Nf6 5. Nc3 e5 6. Nb3 Bb4 7. Bd2 O-O 8. Qe2 {B28: Sicilian: 2 Nf3 a6 (O'Kelly Variation)} (8. Bd3 Nc6 9. O-O Be7 10. f4 d6 11. f5 d5 12. exd5 Nb4 13. d6 Qxd6 14. Be3 Nxd3 15. Qxd3 Qxd3 16. cxd3 Bd7 {0-1 (61) Chalus,K (2077)-Domogaev,S (2395) Pardubice 2017}) 8... Bxc3 $146 ({Predecessor:} 8... d6 9. g3 Bg4 10. f3 Be6 11. Bg2 Qc7 12. O-O-O b5 13. Kb1 Nc6 14. f4 Bxc3 15. Bxc3 b4 {0-1 (39) Perez Tores,J (1834)-Moreno Ibanez,M (2055) Salobrena 2012}) 9. Bxc3 d5 10. exd5 {The position is equal.} Nxd5 11. Bxe5 Nc6 12. O-O-O $1 Bf5 {And now ...Rc8 would win.} 13. g4 Qg5+ 14. Qd2 Qxd2+ 15. Nxd2 Bg6 16. Bc4 Nxe5 17. Bxd5 Rac8 18. Ne4 Nxg4 19. Rd2 b5 20. b3 h6 21. Rg1 Bxe4 22. Bxe4 Nf6 23. Bf5 $132 {[%mdl 2048] White puts up resistance} (23. Bb7 $5 {[%cal Rb7c8]} Rc7 24. Bg2 $11 (24. Bxa6 Ne4 $11)) 23... Rc5 24. Bd3 $1 Re8 25. f4 Re3 26. Kb2 Kf8 27. f5 Nh5 28. Rg4 Rf3 (28... Rd5 $11) 29. a4 ({White should try} 29. Rd4 $14) 29... Rf4 $11 30. Rxf4 Nxf4 31. axb5 axb5 {[%mdl 4096] Endgame KRB-KRN} 32. Be4 Ke7 33. Rf2 Nh5 34. Re2 {Threatens to win with Bf3+.} Kf6 35. b4 Re5 36. Bd3 $2 (36. Bf3 $11 Rxf5 37. Be4) 36... Nf4 $19 37. Rd2 Nxd3+ 38. Rxd3 Kxf5 {KR-KR} 39. Rf3+ (39. c4 $17) 39... Ke6 $1 40. Kb3 f5 41. c4 g5 42. c5 $2 (42. cxb5 Rxb5 43. Rh3) 42... f4 43. Rh3 Kd5 44. Rxh6 Re3+ (44... Rf5 $142 {Strongly threatening ...f3.} 45. Rd6+ Ke5) 45. Kc2 Kc4 ({Better is} 45... Re4 $1 $19 46. Rg6 Rxb4 47. Rxg5+ Ke4) 46. Rg6 $2 {[%mdl 8192]} (46. Rh5 $15) 46... Kxb4 $2 (46... Re2+ $19 47. Kd1 Re5) 47. c6 $2 (47. Rxg5 $11 {and White stays safe.} Rh3 48. Rf5) 47... Re2+ $1 48. Kd3 $2 (48. Kc1 {was the only defense.}) 48... Rxh2 49. Rxg5 {[#]} (49. Rg8 $142 Rh3+ 50. Ke4) 49... Rh6 $1 {[%cal Rh6c6]} 50. Rf5 Rxc6 {Black mates.} 51. Rxf4+ Kb3 52. Kd2 b4 {[%cal Bb5b4,Bb4b3,Bb3b2][%mdl 32]} 53. Rd4 Ka3 54. Rd8 Kb2 55. Rd7 b3 56. Rd8 Ka2 57. Ra8+ Kb1 58. Rb8 b2 59. Rh8 Rc4 60. Ra8 Rd4+ 61. Kc3 Rd7 62. Rh8 Rc7+ 63. Kb3 {[#]} Rb7+ $1 64. Kc3 Ra7 65. Rb8 Ka1 {Accuracy: White = 31%, Black = 57%.} 0-1

[Event "Go-Makkah Chess Festival 2019"]
[Site "Sousse"]
[Date "2019.09.04"]
[Round "4.4"]
[White "Kjartansson, David"]
[Black "Al Ghamdi, Ahmed M"]
[Result "1-0"]
[WhiteElo "2401"]
[BlackElo "2113"]
[Annotator "TA"]
[PlyCount "83"]
[EventDate "2019.09.02"]
[EventType "swiss"]
[EventCountry "TUN"]
[SourceTitle "playchess.com"]
[Source "ChessBase"]
[SourceQuality "1"]

{[%evp 14,83,47,27,30,27,36,18,39,40,43,45,58,60,68,60,77,79,66,31,36,25,33,26,37,24,26,0,24,0,0,0,234,232,233,238,223,66,50,74,89,42,42,42,62,61,54,74,138,135,352,367,362,343,350,351,472,462,454,451,438,424,453,413,521,507,606,602,614,596,615,615]} 1. e4 e5 2. Nf3 Nc6 3. Bb5 d6 4. O-O a6 5. Ba4 Bd7 6. c3 g6 7. d4 Bg7 8. h3 Nf6 {C76: Ruy Lopez: Deferred Steinitz: 5 c3 Bd7 6 d4 g6} 9. Re1 O-O 10. d5 (10. Nbd2 h6 11. Nf1 Re8 12. Ng3 b5 13. Bc2 exd4 14. cxd4 Nb4 15. Bb1 c5 16. d5 a5 17. a3 Na6 18. Bf4 {1-0 (57) Ivanchuk,V (2726)-Mamedyarov,S (2799) Huaian 2017}) 10... Nb8 {The position is equal.} 11. Bc2 a5 $146 ({Predecessor:} 11... h6 12. Nbd2 Kh7 13. Nf1 Ng8 14. Ng3 Ne7 15. Nh2 {0-1 (49) Pasini,I (2001)-De Almeida,E (1969) Porto Alegre 2012}) 12. c4 Na6 13. Nc3 {[%cal Bb1c3,Bc3e2,Be2d4,Bd4f3][%mdl 32]} h6 14. a3 Nh5 15. Rb1 Nf4 16. Bxf4 exf4 17. Qd2 Qf6 18. Ne2 g5 19. Qxa5 Rfe8 20. Qd2 Nc5 21. Ned4 $36 {[%mdl 2048] White is more active.} h5 $1 {White must now prevent ...g4.} 22. b4 g4 $2 {[#]} (22... Na4 $11) 23. bxc5 $18 gxf3 24. Nxf3 Rxa3 25. Rb3 $2 ({And not} 25. Rxb7 Rxf3 26. e5 (26. gxf3 Bxh3 27. Kh2 Qh4 $19) 26... dxe5 $11) ({White should try} 25. Qe2 $18) 25... Rxb3 $14 26. Bxb3 Qc3 27. Qxc3 Bxc3 28. Rc1 Bb4 29. cxd6 cxd6 30. Bc2 {Threatens to win with Rb1.} Rc8 {[#]} (30... Bc5 $142) 31. Rb1 $1 $16 {[%cal Rb1b4]} Rxc4 $2 (31... Ba3 $16) 32. Bd3 $18 Rc3 33. Rxb4 Rxd3 34. Rxb7 Bxh3 {[%mdl 4096] Endgame KRB-KRN} 35. Ng5 Bc8 36. Rc7 Ba6 37. Rxf7 f3 38. Rxf3 Rd1+ 39. Kh2 {White is clearly winning.} Re1 40. Rf6 Bd3 41. Rxd6 Re2 42. f3 {Accuracy: White = 69%, Black = 54%.} 1-0

[Event "Go-Makkah Chess Festival 2019"]
[Site "Sousse"]
[Date "2019.09.04"]
[Round "4.5"]
[White "Ameir, Moheb"]
[Black "Zrikem, Nassim"]
[Result "1/2-1/2"]
[WhiteElo "2308"]
[BlackElo "2090"]
[Annotator "TA"]
[PlyCount "25"]
[EventDate "2019.09.02"]
[EventType "swiss"]
[EventCountry "TUN"]
[SourceTitle "playchess.com"]
[Source "ChessBase"]
[SourceQuality "1"]

{[%evp 12,25,-7,-26,24,-20,-10,-15,5,-4,0,-5,0,-33,-24,-58]} 1. e4 e5 2. Nf3 Nc6 3. Bb5 a6 4. Ba4 Nf6 5. O-O Be7 6. d4 exd4 7. Re1 O-O {C84: Closed Ruy Lopez: Unusual White 6th moves} (7... b5 $5 {[%cal Rb5a4]} 8. e5 Nxe5 9. Nxe5 bxa4 $11) (7... b5 8. e5 Nxe5 9. Rxe5 d6 10. Re1 bxa4 11. Qxd4 O-O 12. Qxa4 Bb7 13. Nd4 Re8 14. Bg5 Qc8 15. Nb3 h6 16. Bh4 Rb8 17. N1d2 c5 18. Bxf6 Bxf6 19. Rxe8+ Qxe8 20. Qxe8+ Rxe8 {½-½ (60) Plat,V (2547)-Tari,A (2623) Teplice 2019}) 8. Bb3 d5 9. exd5 Na5 $146 ({Predecessor:} 9... Nxd5 10. Nxd4 Nxd4 11. Qxd4 Be6 12. Bf4 Nxf4 13. Qxf4 Bxb3 14. axb3 Bd6 15. Qf3 b6 16. Nc3 {½-½ (16) Jurcik,M (2209)-Kopera,M (2113) Slovakia 2005}) 10. Qxd4 Nxb3 11. axb3 Nxd5 12. Nbd2 Bf5 {Threatening ...c5.} 13. Ne4 1/2-1/2

[Event "Go-Makkah Chess Festival 2019"]
[Site "Sousse"]
[Date "2019.09.04"]
[Round "4.6"]
[White "Bouzidi, Ahmed"]
[Black "Rian, Moubarak"]
[Result "1-0"]
[WhiteElo "2197"]
[BlackElo "2048"]
[Annotator "TA"]
[PlyCount "89"]
[EventDate "2019.09.02"]
[EventType "swiss"]
[EventCountry "TUN"]
[SourceTitle "playchess.com"]
[Source "ChessBase"]
[SourceQuality "1"]

{[%evp 11,89,-18,-6,-58,-54,-54,-2,-19,7,-50,0,0,0,-35,239,260,295,277,281,266,406,391,385,297,712,531,719,721,694,651,601,589,559,395,380,256,406,352,515,484,514,503,459,365,414,352,340,325,751,394,901,879,895,883,874,835,841,806,997,975,988,970,2131,1673,1746,1737,1591,1591,1591,1439,29985,29986,29986,29987,29987,29988,29997,29998,29998,29999]} 1. e4 c5 2. c3 d5 3. exd5 Qxd5 4. Na3 Nc6 5. Nf3 Nf6 6. d4 Bg4 {Threatens to win with ...cxd4.} 7. Bc4 {B22: Sicilian: 2 c3} (7. dxc5 $11 Qxd1+ 8. Kxd1) (7. Be2 cxd4 8. Nb5 O-O-O 9. Nbxd4 e5 {½-½ (9) Malaniuk,V (2615)-Tiviakov,S (2625) Formia 1995}) 7... Qe4+ $15 8. Be3 O-O-O (8... cxd4 $15 9. cxd4 e5) 9. Bd3 {The position is equal.} Bxf3 $146 ({Predecessor:} 9... Qd5 10. c4 Qh5 11. d5 Ne5 12. Be2 e6 13. Nxe5 Bxe2 14. Qxe2 Qxe5 15. dxe6 Qxe6 {½-½ (58) Ozen,A (1679)-Arslan,E (2067) Antalya 2013}) 10. gxf3 (10. Bxe4 $11 Bxd1 11. Bxc6) 10... Qh4 {[%cal Rc5d4]} 11. Qa4 Nd5 12. O-O-O Nxe3 $4 {[%mdl 8192]} (12... cxd4 $15 {keeps the upper hand.} 13. cxd4 Kb8) 13. fxe3 $18 Qh6 14. Be4 {And now Nb5 would win.} cxd4 15. Nb5 {[%cal Ba3b5,Bb5a7,Ba7c6,Bc6b4,Bb4a6,Ba6c5][%mdl 32]} (15. cxd4 f5 $16) 15... Qxe3+ (15... e5 {keeps fighting.} 16. Kb1 (16. Nxa7+ Nxa7 17. Qxa7 Qa6 $16) (16. cxd4 a6 $11) 16... a6) 16. Kb1 d3 17. Bxc6 {Strongly threatening Nd4.} bxc6 $2 (17... Qb6 18. Be4 (18. Nxa7+ Kb8 $18) (18. Qxa7 Qxa7 19. Nxa7+ Kb8 $11) 18... d2) 18. Nxa7+ {[%mdl 64] [#] Double Attack} Kb7 19. Qxc6+ Kb8 20. Qb5+ Kc7 21. Nc6 Rd6 22. Nb4 e6 23. Na6+ Kd8 (23... Kc8 $142 24. Qc4+ Kd8) 24. Nc5 Rd5 (24... Ke7 {was called for.} 25. Qb7+ (25. Nxd3 Qxf3 26. Rhf1 Qe4 $16) 25... Ke8) 25. Qb6+ Kc8 26. Qc6+ Kd8 27. Nb7+ Ke7 28. Rhe1 Qf2 29. c4 Qc2+ 30. Ka1 Rd7 $2 (30... d2 31. Rg1 Rg5) 31. Nc5 {[%cal Re1e6] Intending Rxe6+! and mate.} Rd6 32. Qc7+ Ke8 33. Ne4 Rd7 34. Qc8+ Rd8 35. Qc6+ Ke7 36. Rd2 f5 37. Ng5 {[%csl Gc6,Gg5][%cal Re1e6]} Rd6 38. Rxe6+ Rxe6 39. Qxe6+ {[%mdl 64] [#] Double Attack} Kd8 40. Qd5+ Kc7 41. Ne6+ {White mates.} Kb8 42. Rxc2 dxc2 43. Qb5+ Kc8 44. Qc6+ Kb8 45. Qb6+ {Accuracy: White = 64%, Black = 29%.} 1-0

[Event "Go-Makkah Chess Festival 2019"]
[Site "Sousse"]
[Date "2019.09.04"]
[Round "4.7"]
[White "Rian, Saad"]
[Black "Ahmed AlRehily"]
[Result "1/2-1/2"]
[WhiteElo "2100"]
[BlackElo "1827"]
[Annotator "NA"]
[PlyCount "109"]
[EventDate "2019.09.02"]
[EventType "swiss"]
[EventCountry "TUN"]
[SourceTitle "playchess.com"]
[Source "ChessBase"]
[SourceQuality "1"]
[TimeControl "5400+30"]

1. c4 {[%emt 0:01:13]} Nf6 {[%emt 0:16:54]} 2. d4 {[%emt 0:00:25]} e6 {[%emt 0:00:27]} 3. Nf3 {[%emt 0:00:11]} b6 {[%emt 0:00:07]} 4. g3 {[%emt 0:00:13]} Ba6 {[%emt 0:00:35]} 5. Qc2 {[%emt 0:00:22]} Bb4+ {[%emt 0:00:46]} 6. Bd2 {[%emt 0:00:20]} Be7 {[%emt 0:00:06]} 7. Bg2 {[%emt 0:00:27]} O-O {[%emt 0:00:31]} 8. e4 {[%emt 0:00:43]} d5 {[%emt 0:01:13]} 9. cxd5 {[%emt 0:01:00]} exd5 {[%emt 0:00:32]} 10. e5 {[%emt 0:00:14]} Ne4 {[%emt 0:00:46]} 11. Nc3 {[%emt 0:00:21]} Nxc3 {[%emt 0:04:19]} 12. Bxc3 {[%emt 0:00:25]} Nc6 {[%emt 0:03:54]} 13. Qa4 {[%emt 0:01:05]} Bb7 {[%emt 0:00:40]} 14. O-O {[%emt 0:01:18]} Qd7 {[%emt 0:02:16]} 15. b4 {[%emt 0:01:13]} Nxe5 {[%emt 0:01:09]} 16. Qxd7 {[%emt 0:01:13]} Nxd7 {[%emt 0:00:18]} 17. b5 {[%emt 0:00:23]} Nf6 {[%emt 0:03:54]} 18. Rfc1 {[%emt 0:03:35]} Ba3 {[%emt 0:03:26]} 19. Rc2 {[%emt 0:04:50]} c6 {[%emt 0:01:09]} 20. bxc6 {[%emt 0:02:11]} Bxc6 {[%emt 0:00:31]} 21. Bb4 {[%emt 0:00:16]} Bxb4 {[%emt 0:01:20]} 22. Rxc6 {[%emt 0:00:05]} Ba3 {[%emt 0:05:24]} 23. Bh3 {[%emt 0:01:05]} Rfe8 {[%emt 0:05:16]} 24. Kf1 {[%emt 0:00:17]} Re7 {[%emt 0:05:22]} 25. Rb1 {[%emt 0:01:20]} Rd8 {[%emt 0:00:58]} 26. Rb3 {[%emt 0:12:11]} Bd6 {[%emt 0:00:27]} 27. Rbc3 {[%emt 0:03:10]} Ne4 {[%emt 0:04:39]} 28. Rc8 {[%emt 0:02:51]} Ree8 {[%emt 0:01:01]} 29. Rxd8 {[%emt 0:01:35]} Rxd8 {[%emt 0:00:02]} 30. Rc6 {[%emt 0:00:32]} Kf8 {[%emt 0:01:08]} 31. Bf5 {[%emt 0:04:02]} h6 {[%emt 0:03:48]} 32. Ke2 {[%emt 0:07:04]} Re8 {[%emt 0:06:47]} 33. Bxe4 {[%emt 0:00:56]} Rxe4+ {[%emt 0:00:27]} 34. Kd3 {[%emt 0:00:28]} Ke7 {[%emt 0:01:17]} 35. Rc8 {[%emt 0:00:42]} Kd7 {[%emt 0:03:19]} 36. Rg8 {[%emt 0:03:37]} g6 {[%emt 0:02:01]} 37. Rh8 {[%emt 0:00:48]} Re8 {[%emt 0:07:32]} 38. Rxh6 {[%emt 0:00:48]} b5 {[%emt 0:00:25]} 39. Rh7 {[%emt 0:01:31]} Ke7 {[%emt 0:01:35]} 40. h4 {[%emt 0:02:03]} a5 {[%emt 0:02:38]} 41. h5 {[%emt 0:00:21]} Kf6 {[%emt 0:00:46]} 42. Nh4 {[%emt 0:02:10]} a4 {[%emt 0:02:04]} 43. hxg6 {[%emt 0:00:31]} fxg6 {[%emt 0:00:05]} 44. Rd7 {[%emt 0:00:23]} Re6 {[%emt 0:01:01]} 45. Rb7 {[%emt 0:01:17]} b4 {[%emt 0:00:27]} 46. Rb5 {[%emt 0:03:04]} Re1 {[%emt 0:01:12]} 47. Rxd5 {[%emt 0:00:37]} Ke6 {[%emt 0:00:48]} 48. Ra5 {[%emt 0:00:21]} a3 {[%emt 0:00:41]} 49. d5+ {[%emt 0:03:27]} Kf7 {[%emt 0:00:02]} 50. Ra6 {[%emt 0:01:18]} Bc5 {[%emt 0:01:17]} 51. Nxg6 {[%emt 0:01:27]} Bxf2 {[%emt 0:01:07]} 52. Kc4 {[%emt 0:01:32]} Re4+ {[%emt 0:00:31]} 53. Kd3 {[%emt 0:32:59]} Re3+ {[%emt 0:07:30]} 54. Kd2 {[%emt 0:00:30]} Re8 55. Kd3 1/2-1/2

[Event "Go-Makkah Chess Festival 2019"]
[Site "Sousse"]
[Date "2019.09.06"]
[Round "5.1"]
[White "Ezat, Mohamed"]
[Black "Stefansson, Hannes"]
[Result "1/2-1/2"]
[WhiteElo "2458"]
[BlackElo "2538"]
[Annotator "TA"]
[PlyCount "78"]
[EventDate "2019.09.02"]
[EventType "swiss"]
[EventCountry "TUN"]
[SourceTitle "playchess.com"]
[Source "ChessBase"]
[SourceQuality "1"]

{[%evp 19,78,2,8,-18,-18,-14,-14,-14,-14,-11,-12,-11,-11,-14,-9,-6,-10,-12,0,0,0,-23,-19,-20,-13,-17,-11,-23,16,28,28,14,27,24,29,25,43,45,32,37,42,18,32,35,32,35,34,28,29,30,55,55,55,55,55,55,55,55,55,55,55]} 1. d4 Nf6 2. c4 e6 3. Nf3 b6 4. a3 Bb7 5. Nc3 d5 6. cxd5 Nxd5 7. Qc2 Nxc3 8. bxc3 c5 9. e4 Nd7 10. Bd3 Qc7 11. O-O {E12: Queen's Indian: Unusual White 4th moves, 4 a3, 4 Nc3 Bb7 5 a3 and 4 Nc3 Bb7} (11. Bb2 cxd4 12. cxd4 Qxc2 13. Bxc2 Rc8 14. Bd3 Bd6 15. Ke2 Ke7 16. a4 Bb4 17. Rhb1 Rhd8 18. Bc1 a5 19. Bg5+ f6 20. Bd2 Bxd2 21. Nxd2 Rc3 22. Rc1 {½-½ (22) Mamedyarov,S (2800)-Eljanov,P (2739) Geneva 2017}) 11... cxd4 12. cxd4 Qxc2 13. Bxc2 {The position is equal.} Be7 14. Bd2 O-O 15. Bd3 Rfd8 $146 {next ...Nc5! is good for Black.} ({Predecessor:} 15... Nf6 16. Rfe1 Rfd8 17. a4 Bc5 18. Bc3 Rac8 {½-½ (34) Bueno,T (2269)-Sjol,H (2273) ICCF email 2008}) 16. Rfc1 Rac8 17. Rxc8 Rxc8 18. Rc1 a6 19. Rxc8+ Bxc8 20. Bc1 b5 21. Kf1 Nb6 22. Ke2 Bd7 23. Kd2 a5 24. Kc2 a4 25. Kb2 f6 26. Bd2 Bc6 27. Ba5 Nc4+ 28. Bxc4 $1 bxc4 $14 {[%mdl 4096] Endgame KBB-KBN} 29. Nd2 f5 30. exf5 exf5 31. g3 Bd5 32. Bb4 Bg5 $1 33. f4 Bd8 34. Kc3 g5 35. fxg5 {White is slightly better.} Bxg5 36. Nxc4 f4 37. gxf4 $1 Bxf4 38. Bd6 Bxc4 39. Bxf4 Bb3 {Accuracy: White = 76%, Black = 62%.} 1/2-1/2

[Event "Go-Makkah Chess Festival 2019"]
[Site "Sousse"]
[Date "2019.09.06"]
[Round "5.2"]
[White "Miezis, Normunds"]
[Black "Romero Holmes, Alfonso"]
[Result "*"]
[WhiteElo "2486"]
[BlackElo "2414"]
[Annotator "TA"]
[PlyCount "32"]
[EventDate "2019.09.02"]
[EventType "swiss"]
[EventCountry "TUN"]
[SourceTitle "playchess.com"]
[Source "ChessBase"]
[SourceQuality "1"]

{[%evp 17,32,-11,11,0,6,0,16,12,21,0,12,-8,-8,-8,-8,-17,-12]} 1. c4 e5 2. Nc3 Nf6 3. Nf3 Nc6 4. g3 d5 5. cxd5 Nxd5 6. Bg2 Nb6 7. O-O Be7 8. a3 O-O 9. b4 Re8 {The position is equal.} 10. Rb1 {A29: English Opening: Four Knights Variation with 4 g3} Bf8 11. d3 Bg4 12. h3 Bh5 13. Ng5 $146 (13. Bg5 f6 14. Be3 Bf7 15. Nd2 Rb8 16. Nb3 Ne7 17. Bc5 Ned5 {1-0 (73) Ding,L (2816)-Yu,Y (2764) Shenzhen 2018}) ({Predecessor:} 13. Nd2 Rb8 14. g4 Bg6 15. Nde4 {1-0 (31) Ghaem Maghami,E (2517)-Ardeshi,M (2290) Teheran 2002}) 13... Rb8 14. Nge4 Nd4 15. g4 Bg6 16. a4 c6 *